000 00643nam a2200229Ia 4500
003 OSt
005 20221007065334.0
006 a|||||r|||| 00| 0
007 ta
008 221006b |||||||| |||| 00| 0 eng d
024 _a9,912
037 _cReference Collections
040 _aFLL
_cFLL
_beng
041 _2eng
_aeng
082 _aZQ2vN5, J8
100 _aSarkar U.C. Au.
245 0 _aEpochs in hindu legal history
260 _aDelhi
_bVishveshvaranand vedic research institute India
_c1958
300 _a440p
_ccm.
942 _hZQ2vN5, J8
_cREF
_2CC
999 _c1137023
_d1137023